Geography Quiz

Random Geography or Asia Quiz

10 Most Populated Countries in Asia Quiz Stats

 Plays Quiz Updated Jan 28, 2016

Challenge
Share
Tweet
Embed
Score 0/10 Timer 01:00
3 Plays Today
% Correct
China
98.4%
India
97.5%
Indonesia
86.6%
Japan
86.3%
Russia
83.7%
Pakistan
75.1%
Bangladesh
71.3%
Philippines
69.9%
Iran
52.2%
Vietnam
47.5%

You're not logged in!

Compare scores with friends on all Sporcle quizzes.
OR
Log In

You Might Also Like...

Show Comments

Extras

Top Quizzes Today


Score Distribution

Your Account Isn't Verified!

In order to create a playlist on Sporcle, you need to verify the email address you used during registration. Go to your Sporcle Settings to finish the process.

Report this User

Report this user for behavior that violates our Community Guidelines.

Details: